00229 a2200121 4500001000700000020000600007040001100013100002100024240002600045245002100071300000600092362000900098185633 a  cMagnum aBandeira, Manuel10aGonçalves Diaslpor10aGonçalves Dias a 0 a1960